Poemas selectos / (Registro nro. 11119)

Detalles MARC
000 -LIDER
fixed length control field 01015nam a22003257a 4500
001 - NÚMERO DE CONTROL
Identificador de número de control 001003
003 - IDENTIFICACDOR DE NÚMERO DE CONTROL
control field DO-SdBNP
005 - DATE AND TIME OF LATEST TRANSACTION
control field 20180205114154.0
007 - CAMPOS FIJOS DE DESCRIPCIÓN FÍSICA
fixed length control field 001003
008 - ELEMENTOS DE LONGITUD FIJA
fixed length control field 160808b 1997 sp||||| |||| 00| 0 spa d
020 ## - ISBN
Terms of availability 9788476726792
040 ## - FUENTE DE CATALOGACIÓN
Agencia que crea de manera original el registro BPMSU
Idioma de catalogación spa
Agencia que realiza la transcripción BPMSU
082 #4 - NÚMERO DE CLASIFICACIÓN DECIMAL DE DEWEY
Classification number N861.3
Item number D218p
100 1# - ASIENTO PRINCIPAL -- NOMBRE PERSONAL
Nombre personal Darío, Rubén
245 10 - MENCIÓN DE TITULO
Título Poemas selectos /
Mención de responsabilidad Rubén Darío ; edición Jorge Garza Castillo ; prólogo Francesc LL. Cardona
260 0# - PUBLICACIÓN, DISTRIBUCIÓN, ETC. (PIE DE IMPRENTA)
Lugar de publicación, distribución, etc Barcelona, España :
Nombre del editor, distribuidor, etc. Edicomunicación,
Fecha de publicación, distribución, etc 1997.
300 ## - DESCRIPCIÓN FÍSICA
Extensión 192 p. :
Dimensiones 18 cm.
490 1# - MENCIÓN DE SERIES
Mención de serie Fontana
490 1# - MENCIÓN DE SERIES
Mención de serie Clásicos universales
600 14 - ENCABEZAMIENTO DE MATERIA--NOMBRE PERSONAL
Nombre personal DARÍO, RUBÉN
Fechas asociadas con el nombre 1867-1916
Subdivisión temática general CRÍTICA E INTERPRETACIÓN
650 #4 - ENCABEZAMIENTO DE MATERIA--TEMÁTICO
Término temático o nombre geográfico como elemento de entrada POESÍA NICARAGUENSE
650 #4 - ENCABEZAMIENTO DE MATERIA--TEMÁTICO
Término temático o nombre geográfico como elemento de entrada LITERATURA NICARAGUENSE
700 12 - ASIENTO SECUNDARIO -- NOMBRE PERSONAL
Nombre personal Garza Castillo, Jorge,
Mención de responsabilidad ed.
700 12 - ASIENTO SECUNDARIO -- NOMBRE PERSONAL
Nombre personal Cardona LL., Francesc,
Mención de responsabilidad pról.
830 #0 - ASIENTO SECUNDARIO DE SERIE--TÍTULO UNIFORME
Título uniforme Fontana
830 #0 - ASIENTO SECUNDARIO DE SERIE--TÍTULO UNIFORME
Título uniforme Clásicos universales
942 ## - ADDED ENTRY ELEMENTS (KOHA)
Source of classification or shelving scheme Dewey Decimal Classification
Koha item type Libros
945 ## - INFORMACIÓN DE PROCESAMIENTO LOCAL
Información de procesamiento local Ivnentariado extranjero / 2017 VM
956 ## - LOCAL ELECTRONIC LOCATION AND ACCESS (OCLC)
Nombre de host BTAVÁREZ
Número de acceso 10
Información de compresión 20160807
Trayectoria 001003
Existencias
Withdrawn status Lost status Source of classification or shelving scheme Damaged status Not for loan Collection code Home library Current library Date acquired Source of acquisition Total Checkouts Full call number Barcode Date last seen Price effective from Koha item type Copy number
    Dewey Decimal Classification     Colección General Biblioteca Pública Metropolitana Salomé Ureña Biblioteca Pública Metropolitana Salomé Ureña 08/08/2016 Donación   N861.3 D218p BPMSU16080103 08/08/2016 08/08/2016 Libros  
    Dewey Decimal Classification     Colección General Biblioteca Pública Metropolitana Salomé Ureña Biblioteca Pública Metropolitana Salomé Ureña 08/08/2016 Donación   N861.3 D218p BPMSU16080104 08/08/2016 08/08/2016 Libros e. 2
    Dewey Decimal Classification     Colección General Biblioteca Pública Metropolitana Salomé Ureña Biblioteca Pública Metropolitana Salomé Ureña 08/08/2016 Donación   N861.3 D218p BPMSU16080105 08/08/2016 08/08/2016 Libros e. 3